| 000 | 00453nam a2200193 a 4500 | ||
|---|---|---|---|
| 001 | 1766738772008 | ||
| 003 | ACL | ||
| 005 | 20251226142005.0 | ||
| 008 | 251226s1995##################000#0#eng## | ||
| 020 | _a9780333631089 | ||
| 082 | 0 | 4 |
_a650.1 _bTAI |
| 100 | 1 |
_aTait, Ruth, _eauthor. |
|
| 245 | 1 | 0 | _aRoads to the Top : |
| 260 |
_bMacMillan, _c1995. |
||
| 300 | _a376 pages | ||
| 650 | 0 | _aBusinessmen. | |
| 942 | _cENGLISH | ||
| 040 |
_aACL _beng _cACL |
||
| 999 |
_c605234 _d605234 |
||